| 000 | 00454nam a2200181Ia 4500 | ||
|---|---|---|---|
| 001 | 25252 | ||
| 005 | 20260414151137.0 | ||
| 008 | 260414t2009||||xx |||||||||||||| ||spa|| | ||
| 041 | _aESP | ||
| 082 |
_a346.42 _bA87 |
||
| 100 |
_aAtiyah, Patrick Selim _eAUT |
||
| 245 | 0 |
_aAtiyahs introduction to the law of contract _b |
|
| 260 | _c2009 | ||
| 300 |
_axxxviii, 441 páginas : _c23 cm. |
||
| 650 | _aDER | ||
| 654 | _aCDE | ||
| 942 |
_cLIB _dJUS _fJUS _2ddc _n |
||
| 999 |
_c25252 _d25252 |
||